00479nam a22001697a 450000500170000001000150001702000260003203500140005803700130007208200110008510000190009624500750011526000300019027000610022030000220028150000060030320200131113006.0 aENG-127583 a9789388398848c200.00 aEN-111115 bDBAD/PUB a530.00 aN.Sudha Kumari aE-Content on learning Physics /cby N.Sudha Kumari [and] G.Rexlin Jose aTamil NadubShanlaxc2019 bTamil Nadua61,66 T.P.K Main Road Vasantha Nagare625003 a136p.b22 cm(pbk) a